As regras do Verão (Registo nº 34841)

Detalhes MARC
000 -Etiqueta do registo
Valores 00523nam a2200217 4500
010 ## - Número ISBN
ISBN 9789897490217
021 ## - Número do Depósito Legal
Código do país Portugal
100 ## - Dados gerais de processamento
Dados gerais 20220907 frey50
101 ## - Língua de publicação
Língua Português
102 ## - País de publicação
País Portugal
200 ## - Titulo e menção de responsabilidade
Título próprio As regras do Verão
Primeira menção de responsabilidade Shaun Tan
Outras menções de responsabilidade Ana M. Noronha
205 ## - Menção da edição
Edição 1.ª ed.
210 ## - Publicação
Local de publicação Matosinhos
Nome do editor Kalandraka
Data de publicação 2014
215 ## - Descrição física 
Paginação / Volumes [51] p.
Outras indicações físicas Muito ilustrado
Dimensões 28 cm
700 ## - Autor principal
Função Autor
Apelido Tan
Nome Shaun
702 ## - Autor secundário
Função Tradutor
Apelido Noronha
Nome AnaM.
801 ## - Fonte de origem
País PT
Regras de catalogação RPC
090 ## - Tipo de documento
Koha biblioitem number (autogenerated) 34841
990 ## - Elementos KOHA
Tipo de documento Livro
994 ## - Estado da catalogação
Situação Completo
Exemplares
Situação do levantamento Situação do extravio Biblioteca de origem Biblioteca de empréstimo Código de barras Cota Permissão de empréstimo Tipo de documento Forma de aquisição
  Completo Biblioteca da Escola Básica e Secundária Dr Isidoro de Sousa Biblioteca da Escola Básica e Secundária Dr Isidoro de Sousa 7401 087.5 TAN Disponível Livro  




Powered by Koha